| 000 | 01154na a2200349 4500 | ||
|---|---|---|---|
| 001 | 17307 | ||
| 003 | MIRAKIL | ||
| 005 | 20181213155224.0 | ||
| 008 | 161114b tu 000 0 | ||
| 020 | _a9759051060 | ||
| 035 | _a17307 | ||
| 040 |
_aMilas _btur _cTR-AnCHP |
||
| 041 | _atur | ||
| 082 |
_a330.122 _bU48k 2005 |
||
| 090 | _a330.122 U48k 2005 | ||
| 111 |
_aUlusal Sosyal Bilimler Kongresi _cAnkara _d2005 _n8 |
||
| 245 |
_aKapitalizm ve Türkiye _chazırlayanlar Fuat Ercan, Yüksel Akkaya |
||
| 246 | _aEmek, siyasal yaşam ve bölgesel kalkınma | ||
| 246 | _aKapitalizm, tarih ve ekonomi | ||
| 260 |
_aAnkara _bDipnot Yayınları _c2005 |
||
| 300 |
_a2 c. _btbl. _c21 sm. |
||
| 490 |
_aMemleket halleri dizisi _v3 |
||
| 490 |
_aDipnot Yayınları _v5 |
||
| 504 | _aKaynakça var. | ||
| 505 | _ac. 1: Kapitalizm, tarih ve ekonomi -- c. 2: Emek, siyasal yaşam ve bölgesel kalkınma | ||
| 650 |
_aKapitalizm _xTürkiye _yToplantılar |
||
| 651 |
_aTürkiye _xEkonomik durum _yToplantılar |
||
| 651 |
_aTürkiye _xEkonomi politikaları _yToplantılar |
||
| 700 | _aAkkaya, Yüksel | ||
| 700 | _aErcan, Fuat | ||
| 942 |
_2ddc _cBKS |
||
| 999 |
_c8789 _d8789 |
||